000 00591nam a22001937a 4500
999 _c1868
_d1868
003 AR-CdUCM
008 190228b ||||| |||| 00| 0 spad
020 _a9992545976
040 _aMUNICIPALIDAD PROVINCIAL DEL CUSCO
_cBIBLIOTECA MUNICIPAL DEL CUSCO
082 _a801.1 /
_bUR81
100 _aUrraza, Juan Eduardo (seudonimo Jeu Azarru)
_96843
245 _aAdagios, requiems, allegros /
260 _aAsunción-Paraguay :
_bArandura,
_c2006.
300 _a74 páginas ;
_c17 cm.
650 _aLiteratura paraguaya
_96844
650 _aPoesía
_9139
942 _2ddc
_cLIBROS
945 _azta